000 00802nam a2200241 i 4500
001 bg
100 1 _aRakowski, Gustaw
_d(1929-2006).
245 1 0 _aSprężystość :
_bproblemy i rozwiązania : metody analityczne i numeryczne /
_cGustaw Rakowski.
260 _aKielce :
_bWydaw. PŚ,
_c2001.
300 _a236, [1] s. :
_bil. ;
_c24 cm.
490 1 _aSkrypty / [Politechnika Świętokrzyska],
_x0239-6386 ;
_vnr 376
504 _aBibliogr.
650 9 _aAnaliza numeryczna
650 9 _aBudownictwo
_xmechanika
650 9 _aSprężystość
_xteoria
655 _aPodręczniki akademickie
830 0 _aSkrypty ([Politechnika Świętokrzyska]) ;
_vnr 376
040 _cBPK
041 0 _apl
080 _a539.3/.6:624.01/.07](075.8)
942 _cKS
008 s pl f |000 0 pol
999 _c40936
_d40936
856 _uhttp://koha.tu.koszalin.pl/cgi-bin/koha/opac-detail.pl?biblionumber=40936
_yKatalog online BPK